| 000 | 00570nam a22001695i 4500 | ||
|---|---|---|---|
| 001 | 156563 | ||
| 003 | ES-MaACL | ||
| 005 | 20240522063054.0 | ||
| 008 | 040802s1853 fr |||| | fre d | ||
| 040 |
_aCAM _bspa _cCAM |
||
| 100 | 1 |
_aKarr, Alphonse, _d1808-1890 _9128426 |
|
| 245 | 1 | 4 |
_aUne poignée de vérités _b: mélanges philosophiques / _cAlphonse Karr. |
| 260 |
_aParis : _bEugène Didier éditeur, _c1853. |
||
| 300 |
_a344 p. ; _c18 cm. |
||
| 852 |
_aES-MaACL _jC-3517 _z-- Enc. hol. _z-- Legado de M. de la Fuente |
||
| 999 |
_c156563 _d156563 |
||